00249nam a2200109Ia 4500008004100000100001800041245002400059260001800083650001400101942000700115999001700122190216s9999||||xx |||||||||||||| ||und|| aAlaxender Bek 0aVolo Kolang Highway bCurrent Books aMalayalam cBK c23797d23797